<?xml version="1.0" encoding="UTF-8"?>
<record
    xmlns:xsi="http://www.w3.org/2001/XMLSchema-instance"
    xsi:schemaLocation="http://www.loc.gov/MARC21/slim http://www.loc.gov/standards/marcxml/schema/MARC21slim.xsd"
    xmlns="http://www.loc.gov/MARC21/slim">

  <leader>01478nam a22002057a 4500</leader>
  <controlfield tag="008">171121s2007    ag ||||g |||| 001 0 spa d</controlfield>
  <datafield tag="020" ind1=" " ind2=" ">
    <subfield code="a">9789871093229</subfield>
  </datafield>
  <datafield tag="041" ind1=" " ind2=" ">
    <subfield code="a">spa</subfield>
  </datafield>
  <datafield tag="092" ind1=" " ind2=" ">
    <subfield code="c">808.8</subfield>
    <subfield code="l">81</subfield>
    <subfield code="s">STE</subfield>
  </datafield>
  <datafield tag="100" ind1="1" ind2=" ">
    <subfield code="a">Stevenson, R. L.</subfield>
    <subfield code="9">3213</subfield>
  </datafield>
  <datafield tag="245" ind1=" " ind2=" ">
    <subfield code="a">Cuentos de los mares del sur.</subfield>
    <subfield code="b">El diablo en la botella /</subfield>
    <subfield code="c">R. L. Stevenson</subfield>
  </datafield>
  <datafield tag="250" ind1=" " ind2=" ">
    <subfield code="a">1a ed. 1a reimp.</subfield>
    <subfield code="b">Traducci&#xF3;n C&#xE9;sar I. Rodr&#xED;guez Mondino</subfield>
  </datafield>
  <datafield tag="260" ind1=" " ind2=" ">
    <subfield code="a">Caseros [Buenos Aires]:</subfield>
    <subfield code="b">Gradifco;</subfield>
    <subfield code="c">2007.</subfield>
  </datafield>
  <datafield tag="300" ind1=" " ind2=" ">
    <subfield code="a">128 p.</subfield>
    <subfield code="c">19x12 cm.</subfield>
  </datafield>
  <datafield tag="500" ind1=" " ind2=" ">
    <subfield code="a">Stevenson, R. L. (2007). Cuentos de los mares del sur. El diablo en la botella. (1a ed.). Buenos Aires : Gradifco.</subfield>
  </datafield>
  <datafield tag="505" ind1=" " ind2=" ">
    <subfield code="a">Robert Louis Balfour Stevenson (1859-1894), considerado como uno de los escritores m&#xE1;s destacados de su &#xE9;poca, logr&#xF3; que muchas de sus obras se convirtieran en cl&#xE1;sicos de la literatura infantil. Se lo puede describir como un viajero incansable que recorri&#xF3; parte de Europa y de Am&#xE9;rica del Norte en busca de un clima propicio que le permitiera vivir con dignidad a pesar de las dolencias f&#xED;sicas que sufr&#xED;a. Vivi&#xF3; en Apia, capital de las Islas Samoa, y durante esa &#xE9;poca se uni&#xF3; a los jefes locales de la islas. Apodado Tusitala (el que cuenta historias) por lo lugare&#xF1;os, en este volumen nos regala algunos de sus relatos basados en fantas&#xED;as e intrigas que se desarrollan en las islas de los mares del Sur.  </subfield>
  </datafield>
  <datafield tag="590" ind1=" " ind2=" ">
    <subfield code="a">Donaci&#xF3;n Juan Carlos Constanzo, noviembre 2017.</subfield>
  </datafield>
  <datafield tag="655" ind1=" " ind2=" ">
    <subfield code="a">Literatura</subfield>
    <subfield code="9">2917</subfield>
  </datafield>
  <datafield tag="942" ind1=" " ind2=" ">
    <subfield code="2">ddc</subfield>
    <subfield code="c">LIT</subfield>
  </datafield>
  <datafield tag="999" ind1=" " ind2=" ">
    <subfield code="c">2593</subfield>
    <subfield code="d">2593</subfield>
  </datafield>
  <datafield tag="952" ind1=" " ind2=" ">
    <subfield code="0">0</subfield>
    <subfield code="1">0</subfield>
    <subfield code="2">ddc</subfield>
    <subfield code="4">0</subfield>
    <subfield code="7">0</subfield>
    <subfield code="8">NFIC</subfield>
    <subfield code="a">BFM</subfield>
    <subfield code="b">BFM</subfield>
    <subfield code="c">CR</subfield>
    <subfield code="d">2017-11-21</subfield>
    <subfield code="e">Donaci&#xF3;n Juan Carlos Constanzo</subfield>
    <subfield code="l">2</subfield>
    <subfield code="o">808.8 81 STE</subfield>
    <subfield code="p">4056</subfield>
    <subfield code="r">2019-02-08</subfield>
    <subfield code="s">2018-12-21</subfield>
    <subfield code="t">Ej.1</subfield>
    <subfield code="w">2017-11-21</subfield>
    <subfield code="y">LIT</subfield>
    <subfield code="z">Donaci&#xF3;n de Juan Carlos Constanzo, noviembre 2017.</subfield>
  </datafield>
</record>
